Física : C.O.U.

Gespeichert in:
Bibliographische Detailangaben
Weitere Verfasser: Candel, Agustín Tejerina García, Fernando .
Format: Buch
Sprache:Spanisch
Erschienen: Madrid : Anaya, D.L. 1990
Katalog:MANES:  Suchergebnis im Bibliothekskatalog
Schulbuchspezifische Eigenschaften:
Tags: Tag hinzufügen
Keine Tags, Fügen Sie den ersten Tag hinzu!
Hinzugefügt zu:29.06.1994
Geändert in:07.05.2025

MARC

LEADER 00000cam a2200000 i 4500
005 20250507134354.0
008 940630s1990 espao fp 000 0 spa d
020 |a 842072968X 
040 |a uned  |b spa  |c entro-manes 
245 0 0 |a Física : C.O.U. /   |c Agustín Candel ... [et al.] ; coordinación, Fernando Tejerina 
260 |a Madrid :   |b Anaya,   |c D.L. 1990 
300 |a 478 p. :   |b il. 
546 |a España 
561 |5 es-BUNED  |3 L.T.M. 2287  |a España. Fondo Manes UNED  |k MANES 
690 0 |a FQ 
691 0 |a SE 
700 1 |a Candel, Agustín  |9 36935  |a Tejerina García, Fernando .  |9 36936 
926 |a MONOMODERN  |a BNMADRID  |b SG_RECOLET  |c 7/180361  |d FONDO_MODE  |f 1 
942 |2 ddc  |c BK 
956 |a 1 
980 | 852. 40  |a M-BN  |b BNMADRID  |9 MO02217717  |j 7/180361  |x DG  |c SG_RECOLET 
999 |c 92921  |d 92921 
999 |c manes:92921  |d 92921